| 000 | 01029nam a2200277Ia 4500 | ||
|---|---|---|---|
| 003 | OSt | ||
| 005 | 20220923225144.0 | ||
| 006 | a|||||r|||| 00| 0 | ||
| 007 | ta | ||
| 008 | 220922b |||||||| |||| 00| 0 hin d | ||
| 020 | _c300 | ||
| 024 | _a258,709 | ||
| 037 |
_b274, 16/12/2011, Vani Prakashan _cTextual |
||
| 040 |
_aARTS _cARTS _bhin |
||
| 041 |
_2hin _ahin |
||
| 082 | _aO152vI, J7;P8 | ||
| 100 | _aद्विवेदी, हजारी प्रसाद | ||
| 245 | 0 | _aहिन्दी साहित्य का आदिकाल | |
| 246 | _aHindī sāhitya kā ādikāla | ||
| 260 |
_aनई दिल्ली _b वाणी प्रकाशन _c2008 |
||
| 300 |
_a176पृ. _ccm. |
||
| 650 |
_a हिन्दी साहित्य _9156264 |
||
| 650 |
_aहिन्दी साहित्य _9156264 |
||
| 942 |
_hO152vI, J7;P8 _cTEXL _2CC |
||
| 999 |
_c376421 _d376421 |
||